10 thế kỉ bàn luận về văn chương (Từ thế kỉ X đến nửa đầu thê kỉ XX) Tập 2

Đã lưu trong:
书目详细资料
其他作者: Nguyễn, Cừ (Sưu tầm, tuyển chọn, giới thiệu), Phan, Trọng Thưởng (Sưu tầm, tuyển chọn, giới thiệu), Trần, Nho Thìn (Sưu tầm, tuyển chọn, giới thiệu), Vũ, Thanh (Sưu tầm, tuyển chọn, giới thiệu)
格式: 图书
语言:Vietnamese
出版: Hà Nội Giáo Dục 2007
主题:
标签: 添加标签
没有标签, 成为第一个标记此记录!
Thư viện lưu trữ: Trung tâm Học liệu Lê Vũ Hùng, Trường Đại học Đồng Tháp
LEADER 01289aam a22002898a 4500
001 00030981
005 20171026081025.0
008 130822s2007 ||||||viesd
020 |c 260000 
041 0 # |a vie 
082 1 4 |a 895.922 090 03  |b M558TH 
245 1 0 |a 10 thế kỉ bàn luận về văn chương  |b (Từ thế kỉ X đến nửa đầu thê kỉ XX)  |c Phan Trọng Ngọ, Nguyễn Cừ, Vũ Thanh, Trần Nho Thìn (sưu tầm, tuyển chọn, giới thiệu)  |n Tập 2 
260 # # |a Hà Nội  |b Giáo Dục  |c 2007 
300 # # |a 1091 tr.  |c 24 cm. 
653 # # |a Nghiên cứu 
653 # # |a Bình luận 
653 # # |a Thời kì cận hiện đại 
653 # # |a Văn học Việt Nam 
700 1 # |a Nguyễn, Cừ  |e Sưu tầm, tuyển chọn, giới thiệu 
700 1 # |a Phan, Trọng Thưởng  |e Sưu tầm, tuyển chọn, giới thiệu 
700 1 # |a Trần, Nho Thìn  |e Sưu tầm, tuyển chọn, giới thiệu 
700 1 # |a Vũ, Thanh  |e Sưu tầm, tuyển chọn, giới thiệu 
852 # # |b Kho đọc  |j KD.0014838 
852 # # |j KD.0014838 
910 |d 8/2013 
980 # # |a Trung tâm Học liệu Lê Vũ Hùng, Trường Đại học Đồng Tháp